MARC details
| 000 -LEADER |
| fixed length control field |
02154cam a22002898i 4500 |
| 001 - CONTROL NUMBER |
| control field |
21290242 |
| 005 - DATE AND TIME OF LATEST TRANSACTION |
| control field |
20210820125821.0 |
| 008 - FIXED-LENGTH DATA ELEMENTS--GENERAL INFORMATION |
| fixed length control field |
191105s2020 nyu 000 0 eng |
| 010 ## - LIBRARY OF CONGRESS CONTROL NUMBER |
| LC control number |
2019049995 |
| 020 ## - INTERNATIONAL STANDARD BOOK NUMBER |
| International Standard Book Number |
9781510752580 |
| Qualifying information |
(paperback) |
| 020 ## - INTERNATIONAL STANDARD BOOK NUMBER |
| Cancelled/invalid ISBN |
9781628731606 |
| Qualifying information |
(ebook) |
| 040 ## - CATALOGING SOURCE |
| Original cataloging agency |
DLC |
| Language of cataloging |
eng |
| Description conventions |
rda |
| Transcribing agency |
DLC |
| 042 ## - AUTHENTICATION CODE |
| Authentication code |
pcc |
| 050 00 - LIBRARY OF CONGRESS CALL NUMBER |
| Classification number |
BS550.3 |
| Item number |
.S654 2020 |
| 082 00 - DEWEY DECIMAL CLASSIFICATION NUMBER |
| Classification number |
220.95 |
| Edition number |
23 |
| 100 1# - MAIN ENTRY--PERSONAL NAME |
| Personal name |
Smith, Brendan Powell, |
| Relator term |
author, illustrator. |
| 9 (RLIN) |
79765 |
| 245 14 - TITLE STATEMENT |
| Title |
The compact brick Bible : |
| Remainder of title |
a new spin on the Old Testament / |
| Statement of responsibility, etc |
Brendan Powell Smith. |
| 250 ## - EDITION STATEMENT |
| Edition statement |
New Skyhorse paperback edition. |
| 260 ## - PUBLICATION, DISTRIBUTION, ETC. (IMPRINT) |
| Place of publication, distribution, etc |
New York : |
| Name of publisher, distributor, etc |
Skyhorse Publishing, |
| Date of publication, distribution, etc |
2020. |
| 300 ## - PHYSICAL DESCRIPTION |
| Extent |
271 p. |
| 520 ## - SUMMARY, ETC. |
| Summary, etc |
"The Holy Bible is complex-sometimes dark, and other times joyous. Now, The Compact Brick Bible compiles 1,400 photographs of LEGO sets designed by artist Brendan Powell Smith to illustrate scenes from the Bible's Old Testament in fascinating, humorous detail. From Genesis and the Earth's creation to the Books of Kings; from Abraham to Moses, from Samson and Delilah to David and Goliath, this is the ultimate brick-inspired graphic novel of the Bible for adults. The beauty of The Compact Brick Bible is that everyone, from the devout to nonbelievers, will find something breathtaking or entertaining within this collection, whether a well-known Bible story classic or an often-forgotten piece of history. Smith's subtle touch brings out the nuances of each scene and makes you reconsider the way you look at the Bible or LEGOS-it's something that needs to be seen to be believed. This product is not sponsored, authorized, or endorsed by the LEGO® company. NOTE TO PARENTS: This book is intended for older children, teens, and adults. For younger children, please search for the Brick Bible for Kids series of picture books"-- |
| 630 00 - SUBJECT ADDED ENTRY--UNIFORM TITLE |
| Uniform title |
Bible. |
| Name of part/section of a work |
Old Testament |
| General subdivision |
Paraphrases, English. |
| 9 (RLIN) |
79766 |
| 630 00 - SUBJECT ADDED ENTRY--UNIFORM TITLE |
| Uniform title |
Bible |
| Form subdivision |
Illustrations. |
| 9 (RLIN) |
79767 |
| 650 #0 - SUBJECT ADDED ENTRY--TOPICAL TERM |
| Topical term or geographic name as entry element |
LEGO toys. |
| 9 (RLIN) |
55826 |
| 776 08 - ADDITIONAL PHYSICAL FORM ENTRY |
| Display text |
Online version: |
| Main entry heading |
Smith, Brendan Powell, |
| Title |
The compact brick Bible |
| Place, publisher, and date of publication |
New York, NY : Skyhorse Publishing, 2020. |
| International Standard Book Number |
9781628731606 |
| Record control number |
(DLC) 2019049996 |
| 942 ## - ADDED ENTRY ELEMENTS (KOHA) |
| Source of classification or shelving scheme |
|